Crítica dramatica: siete años de teatro

Saved in:
Bibliografiske detaljer
Hovedforfatter: Berenguer Carisomo, Arturo (Author)
Format: Bog
Sprog:spansk
Udgivet: Buenos Aires Tor 1933
Fag:
Tags: Tilføj Tag
Ingen Tags, Vær først til at tagge denne postø!

MARC

LEADER 00000nam a2200000 a 4500
001 UCZ1707
003 CL-VaPUC
005 20210619001757.0
008 950831e19330000AG |||||||||||||||||spa|d
999 |c 238415  |d 238413 
040 |c Pontificia Universidad Católica de Valparaíso 
082 0 4 |a 809.2  |b BER  |2 21 
100 0 |a Berenguer Carisomo, Arturo  |e author  |9 345345 
245 1 0 |a Crítica dramatica: siete años de teatro 
260 |a Buenos Aires  |b Tor  |c 1933 
300 |a 318 p 
583 |a last modification  |c 19950831 00:00:00  |k Rodrigo Vera 
600 0 7 |a PIRANDELLO, LUIGI  |2 CL-VaPUC  |9 338032 
600 0 7 |a BENAVENTE, JACINTO  |2 CL-VaPUC  |9 313719 
600 0 7 |a Larreta, Enrique  |d 1875-1961  |9 859920 
650 7 |a CRITICA TEATRAL  |2 CL-VaPUC  |9 321641 
650 0 |a Teatro español  |9 265077 
650 7 |a TEATRO ITALIANO  |2 CL-VaPUC  |9 265583 
852 |a BIBCUR 
942 |c BK  |2 ddc 
945 |d 19950831 00:00:00  |a rbrito 
952 |0 0  |1 0  |4 0  |6 809_200000000000000_BER_1933  |7 0  |8 A  |9 248587  |a BIBEDU  |b BIBEDU  |d 2019-11-18  |i 3124487  |o 809.2 BER 1933  |p 3124487  |r 2019-11-18  |w 2019-11-18  |y BK  |k LIT